Quick Alien Isolation Quiz - Statistics

General Stats
  • This quiz has been taken 149 times
  • The average score is 9 of 15
Answer Stats
Hint Answer % Correct
The Main Character Who Is Ellen Ripley's Daughter Amanda Ripley
91%
A Gun Which #1 Collects Which Looks Like A Magnum And Is The First One You Obtain Revolver
83%
Attaches Itself To Someone's Face Facehugger
80%
An Item Which #1 Can Force The Alien To Flee Which Is An Alternative To The Flamethrower Molotov
79%
An Item Which #1 Can Make Which Acts As A Way To Recover Health Medkit
74%
An Item Which #1 Can Make Which Starts With N Noisemaker
72%
A Gun Which Is Often Nicknamed The Boomstick Shotgun
70%
A Weapon That Possesses Electricity And Can Stun Androids Stun Baton
67%
The Synthetic/Artifical Person Who Wants Closure For The Above Samuels
61%
The Man Who Helps #1 When She Reaches Sevastapol Who Wears A Coat And Is Bald) Axel
58%
A Gun That Is Very Effective At Killing Androids Bolt Gun
58%
What Do You Need To Turn Off To Distract The Looters/Humans In The First Stealth Section Of The Game? (#11 tells you this.) Generator
45%
The Item/Melee Weapon Which Allows You To Strike Humans And Androids (Its Used For Opening Doors As Well.) Maintenance Jack
38%
What Do You Need To Get For Taylor When She Is Injured? Trauma Kit
27%
What Do The Androids Normally Tell You When They Are Trying To Strangle You? (Creepy As Hell) You Are Becoming Hysterical
3%
No matching quizzes found
Score Distribution
Percent of People with Each Score
Percentile by Number Answered
Your Score History
You have not taken this quiz